TOP 20 des meilleurs dribbleurs du 21e siècle - Statistiques

Statistiques générales
  • Ce quiz a été pris 502 fois
  • Le résultat moyen est 8 sur 20
Statistiques - réponses
Hint Réponse % Correct
3 Lionel Messi
99%
8 Cristiano Ronaldo
98%
2 Neymar
98%
1 Ronaldinho
86%
4 Zinédien Zidane
60%
20 Vinicius Jr
51%
13 Eden Hazard
50%
10 Andres Iniesta
45%
14 Franck Ribery
42%
12 Arjen Robben
40%
9 Hatem Ben Arfa
38%
16 Riyad Mahrez
31%
7 Robinho
29%
5 Ronaldo Nazario
21%
18 Allan Saint-Maximin
19%
6 Jay Jay Okocha
14%
18 Adama Traoré
5%
11 Dennis Bergkamp
5%
15 Wilfried Zaha
5%
17 Felipe Anderson
2%
Aucun quiz correspondant
Distribution des résultats
% des personnes avec chaque résultat
Percentile par nombre de réponses
Votre historique - résultats
Vous n’avez pas pris ce quiz